000 00841cam a2200301 4500
999 _c5214
_d5214
001 3601084
003 GBCCL
005 20241126110535.0
008 690815s1969 enk b 001 0 eng
010 _a 70400940
015 _aB69-06585
020 _a028662124X
040 _aDLC
_cDLC
_dDLC
050 0 0 _aHQ769
_b.G55 1969
082 0 0 _a649.1
_bGIN
100 1 _aGinott, Haim G.
_99380
245 1 0 _aBetween parent and child:
_bnew solutions to old problems
_c[by] Haim G. Ginott.
250 _a[New ed.]
260 _aLondon,
_bStaples P.,
_c1969.
300 _a163 p.
_c23 cm.
350 _a30/-
504 _aBibliography: p. 157.
650 0 _aChild rearing.
_91189
650 0 _aParent and child.
_94268
650 0 _aDomestic education.
_97512
906 _a7
_bcbc
_corignew
_du
_encip
_f19
_gy-gencatlg
942 _2ddc
_cBK
_02